| 000 | 00561nam a2200205Ia 4500 | ||
|---|---|---|---|
| 005 | 20250508152445.0 | ||
| 008 | 008 250505s9999 xx 000 0 eng d | ||
| 037 | _aTextual | ||
| 040 |
_aFEDL _beng _cFEDL |
||
| 041 |
_aeng _2eng |
||
| 084 |
_a155.2, GUI _qFEDL |
||
| 100 | _aGuilford J. P. | ||
| 245 | 0 | _aPersonality | |
| 260 |
_aNew York, USA _bMcGraw Hill Book Company _c1959 |
||
| 300 | _axiii,562p. | ||
| 490 | _aMcGraw-Hill series in psychology | ||
| 650 | _aPersonality | ||
| 942 |
_cTEXL _h155.2, GUI |
||
| 999 |
_c1336539 _d1336539 |
||